| 000 | 00986nam a22002537a 4500 | ||
|---|---|---|---|
| 999 |
_c5010 _d5010 |
||
| 003 | AR-CdUCM | ||
| 008 | 190311b ||||| |||| 00| 0 spa d | ||
| 020 | _a950-694-128-9 | ||
| 040 |
_aMUNICIPALIDAD PROVINCIAL DEL CUSCO _cBIBLIOTECA MUNICIPAL DEL CUSCO |
||
| 041 | _heng | ||
| 082 |
_a320.4 / _bB94 |
||
| 100 |
_aBunzel, Jhon H. _915327 |
||
| 245 |
_aVirajes políticos : _blos intelectuales norteamericanos y las ideologías 1968-1988 / |
||
| 260 |
_aBuenos Aires : _bGrupo Editor Latinoamericano, _c1990. |
||
| 300 |
_a326 paginas ; _c22 cm. |
||
| 500 | _aTitulo original :Political Passages | ||
| 505 | _aTotalitarios y antinomicos -- Recuerdos de un virtuócrata -- Apuntes de un Viaje -- De como pase mis vacaciones de verano -- La nueva izquierda: reflexiones y consideraciones... | ||
| 650 |
_aLiberalismo _91985 |
||
| 650 |
_aSiglo XX. _98 |
||
| 650 |
_aEstados Unidos _91805 |
||
| 700 |
_aNicastro, Laura (Traductor) _98702 |
||
| 942 |
_2ddc _cLIBROS |
||
| 945 | _awnts | ||